Labor problems from both sides /

Bibliographic Details
Main Author: Keir, Malcolm, 1887-
Format: Book
Language:English
Published: New York : The Ronald press company, [1938]
Subjects:

MARC

Tag First Indicator Second Indicator Subfields
LEADER 00000cam a2200000 4500
001 in00000076461
005 20151008052713.0
008 750929s1938 nyu b 00000 eng
010 |a  38012643  
035 |a (OCoLC)01662826 
035 |9 AAH4536AM 
040 |a DLC  |c TOL  |d TOL  |d TXA  |d UtOrBLW 
049 |a TXAM  |c [81799] 
050 0 0 |a HD8072  |b .K34 
092 |a 331.0973  |b K27 
100 1 |a Keir, Malcolm,  |d 1887- 
245 1 0 |a Labor problems from both sides /  |c by Malcolm Keir ... 
264 1 |a New York :  |b The Ronald press company,  |c [1938] 
264 4 |c [©1938] 
300 |a  xviii, 381 pages ;  |c 22 cm. 
336 |a text  |b txt  |2 rdacontent 
337 |a unmediated  |b n  |2 rdamedia 
338 |a volume  |b nc  |2 rdacarrier 
504 |a "Selected references" at end of most of the chapters. 
650 0 |a Working class  |z United States  |y 1914- 
650 0 |a Labor movement  |z United States  |y 1914- 
650 0 |a Labor  |z United States  |y 1914- 
999 |a MARS 
999 f f |s 3d83b58f-d066-306b-95ca-5cee0faa6405  |i 7f846024-b319-30ae-8f99-76166de9aa28  |t 0 
952 f f |p ric  |a Texas A&M University  |b Rellis Campus  |c Joint Library Facility  |d Remote Storage  |t 0  |e HD8072 .K34  |h Library of Congress classification  |i unmediated -- volume  |m A14800713375 
998 f f |a HD8072 .K34  |t 0  |l Remote Storage